Process engineering in the food industry
Guardat en:
| Autors principals: | , |
|---|---|
| Format: | Llibre |
| Idioma: | anglès |
| Publicat: |
Londres
Elsevier Applied Science
1989
|
| Matèries: | |
| Etiquetes: |
Afegir etiqueta
Sense etiquetes, Sigues el primer a etiquetar aquest registre!
|
MARC
| LEADER | 00000nam a2200000 a 4500 | ||
|---|---|---|---|
| 001 | UCV3793 | ||
| 003 | CL-VaPUC | ||
| 008 | 920317e19890000UK |||||||||||||||||eng|d | ||
| 082 | 0 | 4 | |a 664 |b FIE |2 21 |
| 100 | 0 | |a Field, R. W |e author |9 298149 | |
| 700 | 0 | |a Howell, J. A |e author |9 298150 | |
| 245 | 1 | 0 | |a Process engineering in the food industry |
| 300 | |a 317 p | ||
| 942 | |c BK | ||
| 945 | |d 19920317 00:00:00 | ||
| 260 | |a Londres |b Elsevier Applied Science |c 1989 | ||
| 650 | 7 | |a INDUSTRIAS ALIMENTICIAS |2 CL-VaPUC |9 298151 | |
| 583 | |a last modification |c 19920317 00:00:00 |k Rodrigo Vera | ||
| 999 | |c 210919 |d 210917 | ||
| 952 | |0 0 |1 0 |4 0 |6 664_000000000000000_FIE_1989 |7 0 |8 A |9 187979 |a BIBALI |b BIBALI |d 2019-11-14 |i 2554534 |o 664 FIE 1989 |p 2554534 |r 2025-01-20 |w 2019-11-14 |y BK |k ALI | ||